00797cam a22002411 4500001001300000003000400013005001700017008004100034010001700075035002000092040002400112042001200136050003000148100004100178245005900219260004400278300002500322490007000347504003000417650003200447830005900479999001700538e 48000037 DLC20260227111233.0880623s1948 kyu 000 0 eng  ae 48000037  a(OCoLC)18127106 aDLCcAUdOCoLCdDLC apremarc00aL152b.B35 vol. 16, no. 31 aHackensmith, Charles William,d1906-10aBasic health course for secondary schools of Kentucky. a[Frankfort]bDept. of Educationc[1948] a[131]-298 p.c23 cm.1 aKentucky. Dept. of Education. Educational bulletin,vv. 16, no. 3 aBibliography: p. 294-298. 0aHealth educationzKentucky. 0aEducational bulletin (Frankfort, Ky.) ;vv. 16, no. 3. c22088d22088